Guess the Zoomed in ACC Logo - Statistics

General Stats
  • This quiz has been taken 26 times
  • The average score is 13 of 15
Answer Stats
Picture Answer % Correct
Clemson
100%
Miami
100%
Virginia
94%
Duke
89%
North Carolina
89%
Notre Dame
89%
Pittsburgh
89%
Virginia Tech
89%
Wake Forest
89%
Boston College
83%
Georgia Tech
83%
Louisville
83%
NC State
72%
Syracuse
72%
Florida State
67%
No matching quizzes found
Score Distribution
Percent of People with Each Score
Percentile by Number Answered
Your Score History
You have not taken this quiz